000 00679cam a2200205 a 4500
001 000018052
005 20200929165332.0
008 021118s1912 xxu 000 f eng d
040 _aDO-SdBNP
_beng
_cLC
_dBNPHU
082 _a813.4
_bW947t
100 1 _aWright, Harold Bell,
_d1872-1944
_939135
245 1 0 _aTheir yesterdays /
_cHarold Bell Wright ; ilustración F. Graham Cootes.
260 _aChicago :
_bThe Book Supply Company,
_c1912.
300 _a310, [9] p. :
_bil. ;
_c20 cm.
650 4 _aNovela estadounidense
_9262
650 4 _aLiteratura estadounidense
_9263
700 1 _aGraham Cootes, F.,
_eil.
_939136
910 _aCatalogación por copia / LC
049 _aBNGR
999 _c17574
_d17574